|
|
|
|
| LEADER |
01143cam a2200289 a 4500 |
| 001 |
c000270802 |
| 003 |
CARM |
| 005 |
20070905105248.0 |
| 008 |
960919s1996 vra s000 0 eng d |
| 019 |
1 |
|
|a 12660655
|5 LACONCORD2021
|
| 020 |
|
|
|a 0730662047
|
| 035 |
|
|
|a (OCoLC)38415046
|5 LACONCORD2021
|
| 040 |
|
|
|a ANB:REV
|b eng
|c ANB:REV
|d ANB:REV
|
| 042 |
|
|
|a anuc
|
| 043 |
|
|
|a u-at-vi
|
| 082 |
0 |
4 |
|a 333.783099456
|2 20
|
| 110 |
1 |
|
|a Victoria.
|b National Parks Service.
|
| 245 |
1 |
0 |
|a Errinundra National Park management plan /
|c National Parks Service, Department of Natural Resources and Environment, Victoria.
|
| 260 |
|
|
|a East Melbourne :
|b The Department,
|c 1996.
|
| 300 |
|
|
|a viii, 34 p. :
|b ill. ;
|c 30 cm.
|
| 500 |
|
|
|a "October 1996"
|
| 504 |
|
|
|a Bibliography.
|
| 650 |
|
0 |
|a National parks and reserves
|z Victoria
|z Errinundra Natinal Park
|x Management.
|
| 651 |
|
0 |
|a Errinundra National Park (Vic.)
|
| 852 |
8 |
|
|b CARM
|h A1:AN26D0
|i F02637
|p 0392306
|f BK
|
| 999 |
f |
f |
|i 4fc90f7d-3798-53bf-b984-b2749724aa29
|s 682bd9a8-388a-5855-9d2d-79473134e29e
|
| 952 |
f |
f |
|p Can circulate
|a CAVAL
|b CAVAL
|c CAVAL
|d CARM 1 Store
|e F02637
|f A1:AN26D0
|h Other scheme
|i book
|m 0392306
|